000 01208nam a2200229Ia 4500
003 Ost
005 20260507074950.0
008 260507s9999||||xx |||||||||||||| ||und||
020 _a9772244102
040 _cfsecg
041 _aara
082 _a341.75
100 _aمبروك، نزيه عبد المقصود محمد
_eمؤلف
245 0 _aالأثار الاقتصادية للاستثمارات الأجنبية /
_c نزيه عبد المقصود محمد مبروك
260 _aالاسكندرية:
_bدار الفكر الجامعي,
_c2007
300 _a641 صفحة؛
_bإيضاحات ؛
_c25 سم
504 _aببليوغرافيا:ص.602-634
520 _aحاجة البلدان النامية للإستثمارات الأجنبية وصور انتقالاتها وعوامل جذبها،السياسة الضريبية وتشجيع الإستثمارات الأجنبية،دور السياسة الضريبية المصرية في تشجيع الإستثمار،الآثار الإقتصادية لسياسة تشجيع الإستثمار الأجنبية
653 _aالإستثمارات الأجنبية
653 _aالإقتصاد الدولي
942 _cكتاب
999 _c41989
_d41989